<?xml version="1.0" encoding="UTF-8"?>
<record
    xmlns:xsi="http://www.w3.org/2001/XMLSchema-instance"
    xsi:schemaLocation="http://www.loc.gov/MARC21/slim http://www.loc.gov/standards/marcxml/schema/MARC21slim.xsd"
    xmlns="http://www.loc.gov/MARC21/slim">

  <leader>01525nam a22001937a 4500</leader>
  <controlfield tag="008">251111b        |||||||| |||| 00| 0 eng d</controlfield>
  <datafield tag="020" ind1=" " ind2=" ">
    <subfield code="a">9780008532888</subfield>
  </datafield>
  <datafield tag="040" ind1=" " ind2=" ">
    <subfield code="c">TBS</subfield>
  </datafield>
  <datafield tag="041" ind1=" " ind2=" ">
    <subfield code="a">eng</subfield>
  </datafield>
  <datafield tag="100" ind1=" " ind2=" ">
    <subfield code="a">Peyton, Tracey Rose</subfield>
    <subfield code="9">26474</subfield>
    <subfield code="e">author</subfield>
  </datafield>
  <datafield tag="245" ind1=" " ind2=" ">
    <subfield code="a">Night wherever we go :</subfield>
    <subfield code="c">/ Tracey Rose Peyton.</subfield>
  </datafield>
  <datafield tag="260" ind1=" " ind2=" ">
    <subfield code="a">New York, NY : </subfield>
    <subfield code="b">Ecco, an imprint of HarperCollinsPublishers,</subfield>
    <subfield code="c">2023.</subfield>
  </datafield>
  <datafield tag="300" ind1=" " ind2=" ">
    <subfield code="a">295 pages ; </subfield>
    <subfield code="c">22 cm.</subfield>
  </datafield>
  <datafield tag="520" ind1=" " ind2=" ">
    <subfield code="a">On a struggling Texas plantation, six enslaved women slip from their sleeping quarters and gather in the woods under the cover of night. The Lucys--as they call the plantation owners, after Lucifer himself--have decided to turn around the farm's bleak financial prospects by making the women bear children. They have hired a "stockman" to impregnate them. But the women are determined to protect themselves. Now each of the six faces a choice. Nan, the doctoring woman, has brought a sack of cotton root clippings that can stave off children when chewed daily. If they all take part, the Lucys may give up and send the stockman away. But a pregnancy for any of them will only encourage the Lucys further. And should their plan be discovered, the consequences willbe severe. Visceral and arresting, Night Wherever We Go illuminates each woman's individual trials and desires while painting a subversive portrait of collective defiance.</subfield>
  </datafield>
  <datafield tag="650" ind1=" " ind2="0">
    <subfield code="a">Plantations</subfield>
    <subfield code="z">Texas</subfield>
    <subfield code="v">Fiction</subfield>
    <subfield code="9">26475</subfield>
  </datafield>
  <datafield tag="650" ind1=" " ind2="0">
    <subfield code="a">Slaveholders</subfield>
    <subfield code="v">Fiction</subfield>
    <subfield code="9">26476</subfield>
  </datafield>
  <datafield tag="650" ind1=" " ind2="0">
    <subfield code="a">Enslaved women</subfield>
    <subfield code="v">Fiction</subfield>
    <subfield code="9">26477</subfield>
  </datafield>
  <datafield tag="942" ind1=" " ind2=" ">
    <subfield code="2">lcc</subfield>
  </datafield>
  <datafield tag="952" ind1=" " ind2=" ">
    <subfield code="0">0</subfield>
    <subfield code="1">0</subfield>
    <subfield code="2">lcc</subfield>
    <subfield code="4">0</subfield>
    <subfield code="7">0</subfield>
    <subfield code="a">TBS</subfield>
    <subfield code="b">TBS</subfield>
    <subfield code="d">2025-11-11</subfield>
    <subfield code="l">0</subfield>
    <subfield code="o">P-EN PEY</subfield>
    <subfield code="p">B05658</subfield>
    <subfield code="r">2025-11-11</subfield>
    <subfield code="t">1</subfield>
    <subfield code="w">2025-11-11</subfield>
    <subfield code="y">1</subfield>
  </datafield>
  <datafield tag="999" ind1=" " ind2=" ">
    <subfield code="c">5170</subfield>
    <subfield code="d">5170</subfield>
  </datafield>
</record>
